000 00412cam a22001574a 4500
005 20250605163716.0
008 250528s ||||||||||||||||||||||||d
035 _a24758
040 _aGR-AtMCL
_bgre
_dGR-AtMCL
_eAACR2
245 1 _aEPR,European Pharmaceutical Review / Vaccine Innovation
260 _bRussel Publishing Ltd,
_c2020
300 _a57
942 _cCR
999 _c9612
_d9612